Zborník zo záverečnej konferencie k projektu "Zavedenie systému rozvoja kariérneho poradenstva" 22. september 2008, Banská Bystrica

Bibliographic Details
Corporate Author: Zavedenie systému rozvoja kariérneho poradenstva
Other Authors: Georgievski, Zdenka (Editor), Račáková, Anita, 1973- (Editor)
Format: Conference Proceeding Book
Language:Slovak
PhysicalDescription:78 s. grafy, tab. 21 cm
Published: Banská Bystrica Univerzita Mateja Bela 2008
ISBN:9788080836641 (brož.)
Edition:1. vyd.
Subjects:

MARC

LEADER 00000nam a2200000 a 4500
001 vtls009479905
003 SK-MaSNL
005 20260302043557.0
008 160208s2008 xo dl f 100 0 slo
015 |a SNBA2009/05-02111 
020 |a 9788080836641 (brož.) 
035 |a FD7A28BD-0176-4473-AA27-9E1668A2DC3A 
035 |a urn:nbn:sk:snk-amk84r 
035 |a urn:nbn:sk:snk-am008eky 
040 |a SNK  |b slo  |c SNK  |e AACR2 
041 0 |a slo 
044 |a xo  |c SK 
072 7 |a 37  |x Výchova a vzdelávanie  |2 konspekt 
072 7 |a 331  |x Práca  |2 konspekt 
080 |a 37.0-022.324  |2 2001 
080 |a 331.548  |2 2001 
080 |a 37.048.3  |2 2001 
080 |a (062.534)  |2 2001 
111 2 |a Zavedenie systému rozvoja kariérneho poradenstva  |d (2008 : Banská Bystrica, Slovensko)  |9 697953 
245 1 0 |a Zborník zo záverečnej konferencie k projektu "Zavedenie systému rozvoja kariérneho poradenstva"  |b 22. september 2008, Banská Bystrica  |c [editori zborníka: Zdenka Georgievski, Anita Murgašová] 
250 |a 1. vyd. 
260 |a Banská Bystrica  |b Univerzita Mateja Bela  |c 2008 
300 |a 78 s.  |b grafy, tab.  |c 21 cm 
366 |e 400 výt. 
504 |a Bibliogr. odkazy 
650 0 7 |a celoživotné vzdelávanie  |2 SNKPH  |9 28858 
650 0 7 |a profesijné poradenstvo  |2 SNKPH  |9 69551 
650 0 7 |a výchovné poradenstvo  |2 SNKPH  |9 3605 
650 0 7 |a Permanent education  |2 SNKPHeng  |9 270154 
650 0 7 |a Vocational counseling  |2 SNKPHeng  |9 315644 
650 0 7 |a Educational counseling  |2 SNKPHeng  |9 312697 
655 7 |a zborníky konferencií  |2 SNKPH  |9 70153 
655 7 |a Proceedings of conferences  |2 SNKPHeng  |9 265791 
700 1 |a Georgievski, Zdenka  |4 edt  |9 697954 
700 1 |a Račáková, Anita,  |d 1973-  |4 edt  |9 253897 
919 |a 978-80-8083-664-1 
958 |a NB 
958 |a OND 
968 |d 37 
999 |c 1087116  |d 1089046 
952 |a SNK  |b SNK  |y PREZ  |7 0  |p 17A0613389  |o snkSC 134778  |i snk2009/4384  |8 0  |0 0  |1 0  |4 0  |d 2009-03-04  |f 1  |l 0  |r 2025-07-01 00:00:00  |w 2026-02-24 
952 |a SNK  |b SNK  |y VYP  |7 0  |p 17A0613390  |o snkSC 134778 D1  |i snk2009/4385  |8 0  |0 0  |1 0  |4 0  |d 2009-03-04  |l 1  |m 3  |r 2026-05-04 14:46:35  |s 2026-02-28  |w 2026-02-24